Cows of our planet (Registro nro. 48129)
[ vista simple ]
| 000 -LÍDER | |
|---|---|
| Campo fijo de descripción fija | 00772nam a2200241 i 4500 |
| 001 - NÚMERO DE CONTROL | |
| Campo de control | BINCO |
| 003 - IDENTIFICADOR DEL NÚMERO DE CONTROL | |
| Campo de control | CO-MdBIC |
| 005 - FECHA Y HORA DE LA ULTIMA TRANSACCIÓN | |
| control field | 20200317165236.0 |
| 008 - ELEMENTOS DE LONGITUD FIJA -- INFORMACIÓN GENERAL | |
| Campo fijo de descripción fija -- Información general | 200317t1992 us a||aj |||| 00| h eng d |
| 020 ## - NÚMERO INTERNACIONAL NORMALIZADO PARA LIBROS | |
| Número Internacional Normalizado del libro | 0-590-46233-4 |
| 040 ## - FUENTE DE CATALOGACIÓN | |
| Agencia de catalogación original | CO-MdBIC |
| Idioma de catalogación | esp. |
| Agencia que realiza la transcripción | CO-MdBIC |
| Agencia que realiza la modificación | CO-MdBIC |
| 041 ## - CÓDIGO DE IDIOMA | |
| Código de idioma para texto/pista de sonido o título separado | eng |
| 082 04 - NÚMERO DE CLASIFICACIÓN DECIMAL DEWEY | |
| Número de clasificación | 813C |
| Número de la edición del Dewey | 22 |
| Clave de autor-Numero de item | L32C |
| 100 1# - ASIENTO PRINCIPAL--NOMBRE PERSONAL | |
| Nombre personal | Larson, Gary |
| Título de una obra | Cows of our planet |
| 245 10 - TÍTULO | |
| Título del Material | Cows of our planet |
| Mención de responsabilidad, etc. | / Gary Larson ; First Scholastic |
| 260 ## - PUBLICACIÓN, DISTRIBUCIÓN, ETC. (PIE DE IMPRENTA) | |
| Lugar de publicación, distribución, etc. | New York : Scholastic |
| 264 ## - PRODUCCIÓN, PUBLICACIÓN, DISTRIBUCIÓN, MANUFACTURA, Y COPYRIGHT | |
| Lugar de producción, publicación, distribución, manufactura | New York : |
| Nombre del productor, publicador, distribuidor | Scholastic , |
| Fecha de producción, publicación, distribución, manufactura, o copyright | © 1992 |
| 300 ## - DESCRIPCIÓN FÍSICA | |
| Extensión | [95 páginas] : |
| Otros detalles físicos | Ilustraciones a blanco y negro : |
| Dimensiones | 20 cm. |
| 490 ## - MENCIÓN DE SERIE | |
| Mención de serie | A Far Side Collection |
| 500 ## - NOTA GENERAL | |
| Nota General | Contiene gráficas ilustradas en el centro del libro deplegables. |
| 700 ## - ASIENTO SECUNDARIO - NOMBRE PERSONAL | |
| Nombre personal | Larson, Gary |
| Responsabilidad | Escritor |
| 942 ## - TIPO DE MATERIAL (KOHA) | |
| Tipo de Item KOHA | Z- Libro General BINCO |
| Estado de Material | Estado de Perdido | Forma de Clasificación | Estado de Dañado | No para Préstamo | Colección | Tomo | Biblioteca de Origen | Biblioteca Permanente | Ubicación en Estantería | Fecha de Adquisición | Área | Total de Préstamos | Signatura Topográfica | Código de Barras | Última vez visto | Ejemplar/Existencia | Fecha de Remplazo | Tipo de Material |
|---|---|---|---|---|---|---|---|---|---|---|---|---|---|---|---|---|---|---|
| Dewey Decimal Classification | Colección Juvenil | Biblioteca Infantil Comunitaria BINCO | Biblioteca Infantil Comunitaria BINCO | Inglés | 03/05/2006 | BINCO | 813C L32c | B30600 | 24/11/2016 | 1 | 26/01/2016 | Z- Libro General BINCO |
